História do Brasil Colonial (1500-1815) - Statistics

Estatísticas Gerais
  • Esse quiz foi jogado 152 vezes
    138 desde o último reset
  • A pontuação média é 9 de 15
Estatísticas das Respostas
Questão Resposta % Correto
Complete a Frase: Em 1580,o ___ de Portugal faleceu, fazendo a _______ se juntar e fazer a _____________ Rei, Espanha, União Ibérica
86%
foi criado um Tratado para dividir as duas terras, Metade do Mundo era de Portugal, e a outra metade era da Espanha, qual é o nome do Tratado? Tratado de Tordesilhas
83%
Em que ano os Portugueses chegaram no Brasil? 1500
79%
Complete a Frase:Dom Pedro chegou no Brasil em 1500,e chamou de __________ Ilha de Vera Cruz
77%
Portugal se aproveitou da União Ibérica e: Expandiu seu Território no Brasil
72%
Mais pra isso eles precisavam de mão de obra, por isso eles buscaram e escravizaram os: Africanos
68%
Os Portugueses viram que era muito boa aquela terra pra plantar: Cana-de-açúcar
66%
Portugal se adaptou e aproveitou que não estava na Europa começou a fazer: Troca com Reino Unido
66%
Em 1790, tem um novo Rei em Portugal, E ele irá administrar o Brasil, quem é? Dom João VI
59%
Em 1807, Napoleão Bonaparte, declarou bloqueio continental contra o Reino Unido, mais Portugal tinha um bom negócio, e enfrentou Napoleão, e Napoleão e sua tropa invadiram Portugal, e a família real veio para o Brasil com mais de 25 Mil Homens. Que Dia eles saíram de lá? 21 de Novembro de 1807
51%
Portugal, exportava muito um material, qual era? Pau Brasil
50%
Em 12 de Outubro de 1798, nasce seu filho ___ _____ _ Dom Pedro I
44%
Em 1612, invadiram o Estado do Maranhão, quem invadiu? Os Franceses
38%
Em 1815 o Brasil é elevado para: Reino
37%
Cerca de 21 anos depois(1633)invadiram novamente, mais agora, os holandeses: Roubaram a Técnica de Criar Açúcar
31%
Nenhum quiz correspondente encontrado
Distribuição das Pontuações
Porcentagem de Pessoas com Cada Pontuação
Percentil de Números Respondidos
Sua Pontuação Histórica
Você não jogou esse quiz desde o último reset